|
|
|
|
| LEADER |
00000cam a2200000 7i4500 |
| 001 |
0000094966 |
| 005 |
20250314100847.0 |
| 020 |
|
|
|a 9786299690047 (
|q (paperback))
|
| 040 |
|
|
|e rda
|
| 041 |
|
|
|a Malay
|
| 090 |
0 |
0 |
|a TAT
|b MAL
|
| 100 |
0 |
|
|a Tata Yusuf ,
|e (author)
|
| 245 |
1 |
0 |
|a Sebelum cerdik
|c Tata Yusuf
|
| 264 |
|
1 |
|a Selangor :
|b Dayang Tata Susialawati
|c 2024
|
| 300 |
|
|
|a 90 pages ;
|c 20 cm.
|
| 336 |
|
|
|a text
|2 rdacontent
|
| 337 |
|
|
|a unmediated
|2 rdamedia
|
| 338 |
|
|
|a volume
|2 rdacarrier
|
| 541 |
|
|
|c Purchased on 2024
|f 122024-003 KCE
|h RM35.00
|
| 650 |
1 |
0 |
|a Malay fiction
|
| 999 |
|
|
|a 0001802463
|b Book
|c Children Collection
|e Desa - PPAJ
|
| 999 |
|
|
|a 0001802464
|b Book
|c Children Collection
|e Desa - PPAJ
|
| 999 |
|
|
|a 0001802465
|b Book
|c Children Collection
|e Desa - PPAJ
|
| 999 |
|
|
|a 0001802466
|b Book
|c Children Collection
|e Desa - PPAJ
|
| 999 |
|
|
|a 0001802467
|b Book
|c Children Collection
|e Desa - PPAJ
|
| 999 |
|
|
|a 0001802468
|b Book
|c Children Collection
|e Desa - PPAJ
|
| 999 |
|
|
|a 0001802469
|b Book
|c Children Collection
|e Desa - PPAJ
|
| 999 |
|
|
|a 0001802470
|b Book
|c Children Collection
|e Desa - PPAJ
|
| 999 |
|
|
|a 0001802471
|b Book
|c Children Collection
|e Desa - PPAJ
|
| 999 |
|
|
|a 0001802472
|b Book
|c Children Collection
|e Desa - PPAJ
|
| 999 |
|
|
|a 0001802473
|b Book
|c Children Collection
|e Desa - PPAJ
|
| 999 |
|
|
|a 0001802474
|b Book
|c Children Collection
|e Desa - PPAJ
|
| 999 |
|
|
|a 0001802475
|b Book
|c Children Collection
|e Desa - PPAJ
|
| 999 |
|
|
|a 0001802476
|b Book
|c Children Collection
|e Desa - PPAJ
|
| 999 |
|
|
|a 0001802477
|b Book
|c Children Collection
|e Desa - PPAJ
|
| 999 |
|
|
|a 0001802478
|b Book
|c Children Collection
|e Desa - PPAJ
|
| 999 |
|
|
|a 0001802479
|b Book
|c Children Collection
|e Desa - PPAJ
|
| 999 |
|
|
|a 0001802480
|b Book
|c Children Collection
|e Desa - PPAJ
|
| 999 |
|
|
|a 0001802481
|b Book
|c Children Collection
|e Desa - PPAJ
|
| 999 |
|
|
|a 0001802482
|b Book
|c Children Collection
|e Desa - PPAJ
|
| 999 |
|
|
|a 0001802483
|b Book
|c Children Collection
|e Desa - PPAJ
|
| 999 |
|
|
|a 0001802484
|b Book
|c Children Collection
|e Desa - PPAJ
|
| 999 |
|
|
|a 0001802485
|b Book
|c Children Collection
|e Desa - PPAJ
|
| 999 |
|
|
|a 0001802486
|b Book
|c Children Collection
|e Desa - PPAJ
|
| 999 |
|
|
|a 0001802487
|b Book
|c Children Collection
|e Desa - PPAJ
|
| 999 |
|
|
|a 0001802488
|b Book
|c Children Collection
|e Desa - PPAJ
|
| 999 |
|
|
|a 0001802489
|b Book
|c Children Collection
|e Desa - PPAJ
|
| 999 |
|
|
|a 0001802490
|b Book
|c Children Collection
|e Desa - PPAJ
|
| 999 |
|
|
|a 0001802491
|b Book
|c Children Collection
|e Desa - PPAJ
|
| 999 |
|
|
|a 0001802492
|b Book
|c Children Collection
|e Desa - PPAJ
|
| 999 |
|
|
|a 0001802493
|b Book
|c Children Collection
|e Desa - PPAJ
|
| 999 |
|
|
|a 0001802494
|b Book
|c Children Collection
|e Desa - PPAJ
|
| 999 |
|
|
|a 0001802495
|b Book
|c Children Collection
|e Desa - PPAJ
|
| 999 |
|
|
|a 0001802496
|b Book
|c Children Collection
|e Desa - PPAJ
|
| 999 |
|
|
|a 0001802497
|b Book
|c Children Collection
|e Desa - PPAJ
|
| 999 |
|
|
|a 0001802498
|b Book
|c Children Collection
|e Desa - PPAJ
|
| 999 |
|
|
|a 0001802499
|b Book
|c Children Collection
|e Desa - PPAJ
|
| 999 |
|
|
|a 0001802500
|b Book
|c Children Collection
|e Desa - PPAJ
|
| 999 |
|
|
|a 0001802501
|b Book
|c Children Collection
|e Desa - PPAJ
|
| 999 |
|
|
|a 0001802502
|b Book
|c Children Collection
|e Desa - PPAJ
|
| 999 |
|
|
|a 0001802503
|b Book
|c Children Collection
|e Desa - PPAJ
|
| 999 |
|
|
|a 0001803655
|b Book
|c Children Collection
|e Perbadanan Perpustakaan Awam Johor
|
| 999 |
|
|
|a 0001803656
|b Book
|c Children Collection
|e Perbadanan Perpustakaan Awam Johor
|
| 999 |
|
|
|a 0001803657
|b Book
|c Children Collection
|e Perbadanan Perpustakaan Awam Johor
|
| 999 |
|
|
|a 0001803658
|b Book
|c Children Collection
|e Perbadanan Perpustakaan Awam Johor
|
| 999 |
|
|
|a 0001803659
|b Book
|c Children Collection
|e Perbadanan Perpustakaan Awam Johor
|
| 999 |
|
|
|a 0001803660
|b Book
|c Children Collection
|e Perbadanan Perpustakaan Awam Johor
|
| 999 |
|
|
|a 0001803661
|b Book
|c Children Collection
|e Perbadanan Perpustakaan Awam Johor
|
| 999 |
|
|
|a 0001803662
|b Book
|c Children Collection
|e Perbadanan Perpustakaan Awam Johor
|
| 999 |
|
|
|a 0001803663
|b Book
|c Children Collection
|e Perbadanan Perpustakaan Awam Johor
|
| 999 |
|
|
|a 0001803664
|b Book
|c Children Collection
|e Perbadanan Perpustakaan Awam Johor
|
| 999 |
|
|
|a 0001803665
|b Book
|c Children Collection
|e Perbadanan Perpustakaan Awam Johor
|
| 999 |
|
|
|a 0001803666
|b Book
|c Children Collection
|e Perbadanan Perpustakaan Awam Johor
|
| 999 |
|
|
|a 0001803667
|b Book
|c Children Collection
|e Perbadanan Perpustakaan Awam Johor
|
| 999 |
|
|
|a 0001803668
|b Book
|c Children Collection
|e Perbadanan Perpustakaan Awam Johor
|
| 999 |
|
|
|a 0001803669
|b Book
|c Children Collection
|e Perbadanan Perpustakaan Awam Johor
|
| 999 |
|
|
|a 0001803670
|b Book
|c Children Collection
|e Perbadanan Perpustakaan Awam Johor
|
| 999 |
|
|
|a 0001803671
|b Book
|c Children Collection
|e Perbadanan Perpustakaan Awam Johor
|